[Event "The no miracle game"]
[Site "http://www.queenalice.com/game.php?id=561543"]
[Date "2009.3.25"]
[Round "-"]
[White "NajNiutrov"]
[Black "RichardB"]
[Result "1-0"]
[WhiteElo "1853"]
[BlackElo "2029"]

1. c4 e5 2. g3 Nf6 3. Bg2 Bc5 4. Nf3 d6 5. Nc3 O-O 6. O-O Nc6 7. d4 exd4 8. Nb5
Bg4 9. Nfxd4 Nxd4 10. Nxd4 c6 11. Nf3 Qb6 12. Qc2 Rfe8 13. e3 h6 14. b3 Ne4 15.
Nh4 Nf6 16. Bb2 Qd8 17. h3 Be6 18. Rad1 Qe7 19. Qc3 Rad8 20. e4 a5 21. a3 Qd7
22. b4 axb4 23. axb4 Ba7 24. e5 Nh5 25. Kh2 d5 26. Bf3 d4 27. Qd3 g6 28. Bxh5
gxh5 29. Qd2 Kg7 30. Bc1 Rh8 31. Qf4 Qe7 32. Qf3 Kf8 33. Ng6+ 1-0

[Event "Aanvalluhhh!!!!!"]
[Site "http://www.queenalice.com/game.php?id=645575"]
[Date "2009.9.1"]
[Round "-"]
[White "RichardB"]
[Black "NajNiutrov"]
[Result "0-1"]
[WhiteElo "2099"]
[BlackElo "1925"]

1. d4 Nf6 2. c4 g6 3. Nc3 d5 4. cxd5 Nxd5 5. e4 Nxc3 6. bxc3 c5 7. Bc4 Bg7 8.
Ne2 cxd4 9. cxd4 Nc6 10. Be3 Qa5+ 11. Bd2 Qa3 12. Rb1 a5 13. Rb3 Qd6 14. e5 Qd8
15. Rf3 O-O 16. Bg5 Bg4 17. Rf4 Bxe2 18. Kxe2 h6 19. h4 hxg5 20. hxg5 e6 21. Rg4
Qc7 22. Qb3 Rfd8 23. Rhh4 Nxd4+ 24. Rxd4 Rxd4 25. Rxd4 Qxe5+ 26. Qe3 Qxd4 0-1

[Event "Lazy vs. busy"]
[Site "http://www.queenalice.com/game.php?id=692978"]
[Date "2009.12.4"]
[Round "-"]
[White "NajNiutrov"]
[Black "RichardB"]
[Result "1-0"]
[WhiteElo "2019"]
[BlackElo "2022"]

1. Nf3 d5 2. g3 Nc6 3. Bg2 e5 4. d4 e4 5. Nfd2 Nxd4 6. c3 Nc6 7. O-O Bc5 8. Nb3
Bb6 9. Na3 Nf6 10. c4 Be6 11. cxd5 Bxd5 12. Bg5 Bxb3 13. Qxb3 O-O 14. Bxe4 Qd4
15. Bg2 Qe5 16. h4 Qxe2 17. Rae1 Qg4 18. Bxf6 gxf6 19. Re4 Qh5 20. Bf3 Qc5 21.
Nc2 Ne5 22. Rf4 Rad8 23. Be4 Kh8 24. Rf5 Rg8 25. Rh5 Rg7 26. Ne3 Rd3 27. Rxh7+
Rxh7 28. Bxd3 Nf3+ 29. Kg2 Nd2 30. Qd5 Nxf1 31. Qd8+ Kg7 32. Nf5+ Kg6 33. Qg8+
Kh5 34. g4# 1-0

[Event "Challenge"]
[Site "http://www.queenalice.com/game.php?id=720911"]
[Date "2010.1.26"]
[Round "-"]
[White "theblackfox"]
[Black "NajNiutrov"]
[Result "0-1"]
[WhiteElo "1884"]
[BlackElo "1989"]

1. e4 c5 2. Bc4 d6 3. Nf3 e6 4. e5 d5 5. Bb5+ Bd7 6. Bxd7+ Nxd7 7. O-O Ne7 8.
Nc3 Ng6 9. d4 cxd4 10. Qxd4 Bc5 11. Qa4 O-O 12. Bg5 f6 13. exf6 Nxf6 14. Rfe1
Qb6 15. Re2 Qxb2 16. Rb1 Qxc3 17. Rxb7 Ne4 18. Qd7 Nxg5 19. Qxg7+ Qxg7 20. Rxg7+
Kxg7 21. Nxg5 Nf4 22. Re1 Bxf2+ 23. Kxf2 Nh3+ 24. Kg3 Nxg5 25. h4 Ne4+ 26. Kg4
Rac8 27. Re2 Rc3 28. h5 Rg3+ 0-1

[Event "Challenge #01"]
[Site "http://www.queenalice.com/game.php?id=746821"]
[Date "2010.3.16"]
[Round "-"]
[White "Aylton"]
[Black "NajNiutrov"]
[Result "0-1"]
[WhiteElo "1866"]
[BlackElo "2055"]

1. d4 Nf6 2. Nf3 d5 3. e3 Bf5 4. c4 Nc6 5. a3 dxc4 6. Bxc4 e6 7. Nc3 Bd6 8. O-O
O-O 9. h3 Qc8 10. Nh4 e5 11. Nxf5 Qxf5 12. d5 Ne7 13. f3 e4 14. fxe4 Qe5 15. Qf3
Nh5 16. Bd2 Ng3 17. Rfc1 f5 18. exf5 Rxf5 19. Qxf5 Nexf5 20. Re1 Rf8 21. Rad1
Nh4 22. Bb3 Ne2+ 0-1

[Event "The game that RB must win!!!!"]
[Site "http://www.queenalice.com/game.php?id=762635"]
[Date "2010.4.17"]
[Round "-"]
[White "RichardB"]
[Black "NajNiutrov"]
[Result "0-1"]
[WhiteElo "2033"]
[BlackElo "2073"]

1. d4 d5 2. Nc3 Bf5 3. Bf4 a6 4. e3 Nc6 5. Bd3 Bg6 6. Nf3 Nf6 7. O-O Nb4 8. Bxg6
hxg6 9. a3 Nc6 10. h3 Nh5 11. Bh2 e6 12. Qd3 Bd6 13. Bxd6 Qxd6 14. b4 Ne7 15.
Ne5 f6 16. Nxg6 Rh6 17. Nxe7 Kxe7 18. f4 Rah8 19. Rf3 f5 20. Raf1 g5 21. fxg5
Rg6 22. Ne2 Rxg5 23. R1f2 Nf6 24. Nf4 Ne4 25. Re2 b5 26. Qb3 Qd7 27. Nd3 Kd6 28.
Nf4 Rhg8 29. Qd3 Qg7 30. a4 c6 31. axb5 axb5 32. Qa3 Qb7 33. Re1 Nd2 34. Rf2 Nc4
35. Qc1 Rg3 36. Ree2 Qh7 37. Kh2 Qh4 38. Qe1 Qg5 39. c3 Ra8 40. Rf3 Rxf3 41.
gxf3 Nxe3 42. Rxe3 Qxf4+ 43. Kh1 Rg8 44. Rxe6+ Kd7 45. Re7+ Kd8 46. Re3 Qh6 47.
Kh2 f4 48. Re6 Qg5 49. Qf2 Kd7 50. Re5 Qh6 51. Qe2 Qh4 52. Qe1 Rg3 53. Qf1 Qh7
54. Re2 Qh5 55. Re5 Qh7 56. Re2 Kc7 57. Ra2 Kb6 58. Re2 Qd3 59. Rf2 Qxc3 60. Qd1
Qxb4 61. Rg2 Rxg2+ 62. Kxg2 Qb2+ 63. Kg1 b4 64. h4 b3 65. Qe1 Qxd4+ 66. Kh1 b2
0-1

[Event "The game PF will lose...maybe"]
[Site "http://www.queenalice.com/game.php?id=850977"]
[Date "2010.10.26"]
[Round "-"]
[White "NajNiutrov"]
[Black "RichardB"]
[Result "1-0"]
[WhiteElo "2129"]
[BlackElo "2048"]

1. Nf3 d5 2. g3 Nc6 3. d4 Bg4 4. Bg2 Nf6 5. O-O e6 6. c3 Bd6 7. Nbd2 O-O 8. c4
dxc4 9. Nxc4 Be7 10. Be3 Nd5 11. Rc1 Bf6 12. Nce5 Nxe5 13. dxe5 Bxf3 14. exf6
Bxg2 15. fxg7 Bxf1 16. gxf8=Q+ Qxf8 17. Bc5 Bxe2 18. Qxe2 Qh6 19. Rc4 b6 20.
Rg4+ Kh8 21. Bd4+ f6 22. Qxe6 Rd8 23. h4 c5 24. Be5 Qf8 25. Rf4 Kg7 26. Qg4+ Kf7
27. Qh5+ Ke6 28. Qf5+ Ke7 29. Bxf6+ Nxf6 30. Qe5+ Kd7 31. Rxf6 Qe7 32. Qf5+ Kc7
33. Rf7 Qxf7 34. Qxf7+ Rd7 35. Qf4+ 1-0

[Event "Challenge"]
[Site "http://www.queenalice.com/game.php?id=865680"]
[Date "2010.11.30"]
[Round "-"]
[White "Nico27"]
[Black "NajNiutrov"]
[Result "0-1"]
[WhiteElo "2100"]
[BlackElo "2100"]

1. e4 c6 2. d4 d5 3. Nc3 dxe4 4. Nxe4 e5 5. dxe5 Qxd1+ 6. Kxd1 Bg4+ 7. Be2 Bxe2+
8. Kxe2 Nd7 9. f4 O-O-O 10. Be3 Nh6 11. Nf3 Be7 12. Rad1 Kb8 13. Rd2 Rhe8 14.
Rhd1 Nf8 15. h3 Rxd2+ 16. Rxd2 f6 17. exf6 gxf6 18. Kf2 Nf5 19. Bc5 Bd8 20. Nd6
Nxd6 21. Bxd6+ Kc8 22. Bc5 Ne6 23. Be3 Bc7 24. f5 Nf4 25. Bxf4 Bxf4 26. Re2 Bg3+
27. Kf1 Rd8 28. Re7 Rd1+ 29. Ke2 Rc1 30. Kd3 Rd1+ 31. Ke2 Rc1 32. Kd3 Rd1+ 33.
Kc3 h6 34. Rh7 Bf4 35. Rf7 Rf1 36. Kd3 Rf2 37. Rxf6 Rxg2 38. h4 Bc1 39. b3 Rf2
40. Rf8+ Kc7 41. Ne5 Rd2+ 42. Kc3 Rh2 43. Ng6 Rh3+ 44. Kd4 Bb2+ 45. Ke4 Rh2 46.
f6 Rf2 47. f7 Bg7 48. Ra8 Rxf7 49. Rxa7 Rf6 50. Nf4 Rd6 51. Ra4 Bf6 52. h5 b5
53. Ra7+ Kb6 54. Rh7 Bg5 55. Nd3 Re6+ 56. Kf3 Re3+ 57. Kg4 Re4+ 58. Kg3 Re2 59.
Nf2 Rxc2 60. Ng4 Rc3+ 61. Kg2 Rc2+ 62. Kh3 b4 63. Nxh6 Rxa2 64. Kg4 Bc1 65. Nf5
c5 66. Rf7 c4 67. bxc4 b3 68. c5+ Ka6 69. c6 b2 70. Rb7 Ra4+ 71. Kh3 Rc4 72. h6
Rxc6 73. Rb4 Rb6 74. h7 Rxb4 75. h8=Q b1=Q 76. Qc8+ Ka5 77. Qc7+ Ka4 78. Qa7+
Kb3 79. Qf7+ Kb2 80. Qf6+ Ka2 81. Qa6+ Ba3 82. Qe2+ Qb2 83. Qxb2+ Kxb2 84. Ng3
Kc2 85. Kg2 Kd3 86. Kh3 Ke3 87. Kg2 Rg4 88. Kh3 Kf3 89. Ne4 Rxe4 0-1

[Event "Challenge"]
[Site "http://www.queenalice.com/game.php?id=949714"]
[Date "2011.6.14"]
[Round "-"]
[White "bruno_borges"]
[Black "NajNiutrov"]
[Result "0-1"]
[WhiteElo "2123"]
[BlackElo "2150"]

1. e4 c5 2. Nf3 d6 3. Nc3 g6 4. d4 Bg7 5. dxc5 Bxc3+ 6. bxc3 Qa5 7. Qd4 Nf6 8.
cxd6 Nc6 9. Qd3 Nxe4 10. dxe7 Bf5 11. Qc4 Rc8 12. Qb3 Rc7 13. Bb2 Rxe7 14. Be2
Nc5 15. Qc4 Re4 16. Qd5 O-O 17. Nd2 Rd8 0-1

[Event "de Eeuwige strijd, deel II"]
[Site "http://www.queenalice.com/game.php?id=1024350"]
[Date "2012.2.1"]
[Round "-"]
[White "NajNiutrov"]
[Black "RichardB"]
[Result "1-0"]
[WhiteElo "2228"]
[BlackElo "1964"]

1. e4 e5 2. Nf3 Nf6 3. d4 Nxe4 4. dxe5 d5 5. Bd3 f5 6. Be3 Nc6 7. Bb5 Be7 8. O-O
O-O 9. c4 Be6 10. Bxc6 bxc6 11. Nd4 Bd7 12. f3 Ng5 13. Bxg5 Bxg5 14. f4 Be7 15.
cxd5 cxd5 16. e6 Be8 17. Qc2 g6 18. Nc6 Qd6 19. Nxe7+ Qxe7 20. Na3 Rf6 21. Rae1
c6 22. Re5 Rb8 23. Qc3 Rb4 24. Nc2 Re4 25. Nd4 c5 26. Nb3 Rxe6 27. Rxe6 Rxe6 28.
Nxc5 Re2 29. h3 Bc6 30. Rf2 Re3 31. Qd4 Re1+ 32. Kh2 Rc1 33. b4 h5 34. Qd2 Rc4
35. Re2 Qc7 36. Ne6 Qd6 37. b5 Bd7 38. Nd4 Qb6 39. Nxf5 d4 40. Ne7+ Kf7 41. Qd3
Bxb5 42. Qe4 Qd6 43. Nxg6 Rc5 44. Ne5+ Kg7 45. Rd2 Rd5 46. Qf5 Qf6 47. Qe4 Qd6
48. Qf3 Be8 49. Qg3+ Kh7 50. Rb2 Rb5 51. Qd3+ Kg7 52. Rxb5 Bxb5 53. Qxb5 Qf6 54.
Qd7+ Kh6 55. Qxd4 Qf5 56. Qd6+ 1-0

[Event "Challenge"]
[Site "http://www.queenalice.com/game.php?id=1059312"]
[Date "2012.5.13"]
[Round "-"]
[White "jujuju"]
[Black "NajNiutrov"]
[Result "0-1"]
[WhiteElo "2081"]
[BlackElo "2174"]

1. d4 Nf6 2. Bg5 d5 3. Nc3 g6 4. Nf3 Bg7 5. Bxf6 exf6 6. e4 dxe4 7. Nxe4 Qe7 8.
Qe2 O-O 9. O-O-O Qb4 10. a3 Qb6 11. Rd3 Bf5 12. Rb3 Qc6 13. Ng3 Re8 14. Qd1 Qd5
15. Rb5 Qa2 16. Nxf5 gxf5 17. Rxf5 Bh6+ 0-1

[Event "Challenge"]
[Site "http://www.queenalice.com/game.php?id=1063054"]
[Date "2012.5.23"]
[Round "-"]
[White "NajNiutrov"]
[Black "jujuju"]
[Result "1-0"]
[WhiteElo "2192"]
[BlackElo "2121"]

1. e4 e5 2. Nf3 Nc6 3. Bb5 f5 4. d4 fxe4 5. Nxe5 Nxe5 6. dxe5 c6 7. Bc4 Qa5+ 8.
Nc3 Qxe5 9. O-O Bb4 10. Bxg8 Rxg8 11. Nxe4 Qxe4 12. c3 Be7 13. Re1 Qg6 14. Qe2
Qe6 15. Bg5 Qxe2 16. Rxe2 h6 17. Bxe7 a5 18. Bh4+ Kf7 19. Re7+ Kf8 20. Rae1 g5
21. Bg3 Rg7 22. Re8+ Kf7 23. Rh8 Rg8 24. Rxh6 b5 25. Rd6 a4 26. Rd3 d5 27. Rf3+
Kg6 28. Be5 Bf5 29. g4 Bxg4 30. Rf6+ Kh5 31. h3 Bxh3 32. Kh2 g4 33. Bf4 Rh8 34.
Re5+ 1-0

[Event "Challenge"]
[Site "http://www.queenalice.com/game.php?id=1068677"]
[Date "2012.6.6"]
[Round "-"]
[White "jujuju"]
[Black "NajNiutrov"]
[Result "0-1"]
[WhiteElo "2150"]
[BlackElo "2210"]

1. e4 c5 2. d4 cxd4 3. c3 dxc3 4. Nxc3 g6 5. Nf3 Bg7 6. Bc4 Nc6 7. Be3 Nf6 8.
O-O O-O 9. Bf4 d6 10. Ng5 Na5 11. Bxf7+ Rxf7 12. Nxf7 Kxf7 13. f3 Qb6+ 14. Rf2
Nh5 15. Nd5 Qd4 16. Be3 Qe5 17. Nc7 Nc4 18. Nxa8 Nxb2 19. Qb3+ Be6 20. Qxb7 Nd3
21. Rff1 Ndf4 22. g4 Qg5 23. Qxa7 Bxg4 24. Bxf4 Nxf4 25. fxg4 Qxg4+ 26. Kf2 Qe2+
27. Kg3 Qg2+ 28. Kxf4 Bh6# 0-1

[Event "RB vs PF, the revenge"]
[Site "http://www.queenalice.com/game.php?id=1118849"]
[Date "2012.11.4"]
[Round "-"]
[White "RichardB"]
[Black "NajNiutrov"]
[Result "1-0"]
[WhiteElo "1964"]
[BlackElo "2235"]

1. d4 Nf6 2. c4 e6 3. Nc3 b6 4. Bg5 Bb7 5. Nf3 Be7 6. e3 d5 7. cxd5 Nxd5 8. Bxe7
Nxe7 9. Bb5+ c6 10. Bd3 Nd7 11. O-O Nf6 12. Rc1 Ng4 13. h3 h5 14. hxg4 hxg4 15.
Ne5 f5 16. f4 Ng8 17. Qe1 Qf6 18. Qg3 Qh6 19. Kf2 Nf6 20. Ke2 Rc8 21. b4 c5 22.
bxc5 Nh5 23. Qh2 g3 24. Qh1 Qf6 25. Qg1 g5 26. c6 Ba8 27. Nb5 Ke7 28. Nxa7 Rcg8
29. Nd7 Qh6 30. fxg5 Rxg5 31. Nxb6 f4 32. Nxa8 Ra5 33. c7 1-0

[Event "The revenge for PF game"]
[Site "http://www.queenalice.com/game.php?id=1183562"]
[Date "2013.5.22"]
[Round "-"]
[White "NajNiutrov"]
[Black "RichardB"]
[Result "1-0"]
[WhiteElo "2179"]
[BlackElo "1991"]

1. e4 c6 2. d4 d5 3. e5 Bf5 4. f4 h5 5. Be2 Bg6 6. Nf3 e6 7. O-O Nh6 8. Ng5 Nf5
9. c3 Nd7 10. b3 Be7 11. Na3 Bxg5 12. fxg5 Qc7 13. c4 O-O-O 14. cxd5 exd5 15.
Nc2 Qb6 16. Kh1 Kb8 17. b4 Nf8 18. Bd3 Ne7 19. Bxg6 fxg6 20. a4 Nf5 21. b5 Ne6
22. bxc6 Qxc6 23. Ba3 Rc8 24. Nb4 Qc4 25. Rf2 Qxd4 26. Rd2 Qxe5 27. Na6+ bxa6
28. Re2 Ne3 29. Rxe3 Qxe3 30. Bd6+ Rc7 31. Qxd5 1-0

[Event "dexter vs najniutrov"]
[Site "http://www.queenalice.com/game.php?id=1250891"]
[Date "2014.1.24"]
[Round "-"]
[White "dextermorgan"]
[Black "NajNiutrov"]
[Result "1-0"]
[WhiteElo "2077"]
[BlackElo "2203"]

1. c4 e5 2. Nc3 Nf6 3. g3 d5 4. cxd5 Nxd5 5. Bg2 Nb6 6. Nf3 Nc6 7. a3 Bd6 8. d4
exd4 9. Nxd4 Ne5 10. Ndb5 O-O 11. Nxd6 cxd6 12. O-O a6 13. Bf4 Qe7 14. Qd4 Qd8
15. Ne4 1-0

[Event "Challenge"]
[Site "http://www.queenalice.com/game.php?id=1277283"]
[Date "2014.4.29"]
[Round "-"]
[White "NajNiutrov"]
[Black "RichardB"]
[Result "1-0"]
[WhiteElo "2168"]
[BlackElo "1991"]

1. e4 e5 2. d4 exd4 3. c3 dxc3 4. Nxc3 Bb4 5. Qb3 Qe7 6. Bd3 Nf6 7. Ne2 O-O 8.
O-O Nc6 9. Bg5 Qe5 10. Bxf6 gxf6 11. Nd5 Bc5 12. Kh1 Kh8 13. f4 Qd6 14. e5 fxe5
15. fxe5 Qxe5 16. Rf5 Qg7 17. Rh5 h6 18. Qc4 Bd4 19. Nxd4 Nxd4 20. Qc1 f5 21.
Rxh6+ Kg8 22. Rh3 Kf7 23. Qc4 b5 24. Qxc7 Re8 25. Rf1 Qe5 26. Qc1 Rg8 27. Rh7+
Ke6 28. Re1 Qxe1+ 29. Qxe1+ Kxd5 30. Qe3 d6 31. Rh4 Rg4 32. Rxg4 1-0

[Event "The 2015 game!!!"]
[Site "http://www.queenalice.com/game.php?id=1334467"]
[Date "2015.1.12"]
[Round "-"]
[White "RichardB"]
[Black "NajNiutrov"]
[Result "1-0"]
[WhiteElo "1991"]
[BlackElo "2177"]

1. d4 f5 2. c4 Nf6 3. Nc3 e6 4. Bg5 Be7 5. e3 b6 6. Qf3 Nc6 7. d5 Ne5 8. Qf4
Neg4 9. h3 Bd6 10. Qd4 Be5 11. Qd2 Bxc3 12. Qxc3 h6 13. hxg4 Kf7 14. Bxf6 gxf6
15. gxf5 exf5 16. Ne2 Qg8 17. Rh3 Qg5 18. Rg3 Qh5 19. O-O-O d6 20. Nf4 Qh2 21.
Be2 1-0

[Event "The SPRING game...!!!!"]
[Site "http://www.queenalice.com/game.php?id=1358910"]
[Date "2015.5.11"]
[Round "-"]
[White "NajNiutrov"]
[Black "RichardB"]
[Result "0-1"]
[WhiteElo "2159"]
[BlackElo "2014"]

1. f4 d5 2. Nf3 c5 3. e3 Nc6 4. Be2 g6 5. O-O Bg7 6. c3 Nf6 7. d3 O-O 8. Ne5 Qd6
9. d4 Ne4 10. Nd2 f5 11. Qe1 c4 12. Rf3 Bf6 13. Rh3 e6 14. Ndf3 Kg7 15. Ng5 Nxg5
16. fxg5 Bxg5 17. Qg3 Qe7 18. Nf3 h6 19. Nxg5 hxg5 20. Qe1 Bd7 21. Rf3 Rh8 22.
Qg3 Rh7 23. b3 b5 24. a4 bxa4 25. bxc4 dxc4 26. Bxc4 Rb8 27. d5 exd5 28. Bxd5
Qe5 29. Bxc6 Qxg3 30. Rxg3 Bxc6 31. Rxg5 Kf6 32. Rg3 Rd7 33. Ba3 Rb3 34. Bc5 Rd2
35. Bd4+ Kf7 36. c4 a3 37. h4 Rxd4 0-1

[Event "The 2016 game"]
[Site "http://www.queenalice.com/game.php?id=1415577"]
[Date "2016.3.29"]
[Round "-"]
[White "RichardB"]
[Black "NajNiutrov"]
[Result "0-1"]
[WhiteElo "2036"]
[BlackElo "2143"]

1. e4 c5 2. Bc4 e6 3. Nc3 Nc6 4. Nf3 a6 5. a4 Bd6 6. O-O Nge7 7. b3 O-O 8. Bb2
Bb8 9. Re1 Ne5 10. Nxe5 Bxe5 11. Qg4 d5 12. Bf1 Qc7 13. g3 dxe4 14. Qxe4 Bd4 15.
Bd3 f5 16. Qf3 f4 17. Qe4 Ng6 18. Re2 fxg3 19. hxg3 Qxg3+ 20. Qg2 Qxg2+ 21. Kxg2
Nf4+ 22. Kf1 Nxe2 23. Kxe2 Rxf2+ 24. Ke1 Rh2 25. Be4 e5 26. Nd1 Bh3 27. Bxd4
exd4 28. Nf2 Re8 29. d3 Bf5 30. Rd1 Bxe4 31. dxe4 h5 32. b4 g5 33. bxc5 g4 34.
Rd3 h4 35. Kf1 g3 36. Ng4 Rf8+ 37. Kg1 Rxc2 38. Rxd4 h3 39. Rd1 Rxc5 0-1